000 00427nam a2200181Ia 4500
001 17107
005 20260306170400.0
008 260306t2006||||xx |||||||||||||| ||und||
041 _aESP
082 _a657.458
_bI59
100 _aInstituto Pacífico
_eAUT
245 0 _aManual de auditoría interna
260 _c2006
300 _a767 páginas :
_c24 cm.
650 _aGEN
654 _aCCO
942 _cLIB
_dJUS
_fJUS
_2ddc
_n
999 _c17107
_d17107